[Event "EU-ch U16 30th"]
[Site "Antalya"]
[Date "2022.11.13"]
[Round "8"]
[White "Suleymanli, Suleyman"]
[Black "Cebotari, Stanislav"]
[Result "1/2-1/2"]
[WhiteElo "2260"]
[BlackElo "2049"]
[PlyCount "20"]
[EventDate "2022.11.06"]
[EventType "swiss"]
[EventRounds "9"]
[EventCountry "TUR"]
[SourceTitle "EXT 2024"]
[Source "ChessBase"]
[SourceDate "2023.10.10"]
[SourceVersion "1"]
[SourceVersionDate "2023.10.10"]
[SourceQuality "1"]

1. Nf3 Nf6 2. g3 g6 3. Bg2 Bg7 4. 0-0 0-0 5. d4 d6 6. c4 Nbd7 7. Nc3 e5 8. e4 a5 9. Qc2 exd4 10. Nxd4 Nc5 1/2-1/2

[Event "EU-ch U16 30th"]
[Site "Antalya"]
[Date "2022.11.10"]
[Round "5"]
[White "Soderstrom, Adrian"]
[Black "Cebotari, Stanislav"]
[Result "1/2-1/2"]
[WhiteElo "2229"]
[BlackElo "2049"]
[PlyCount "54"]
[EventDate "2022.11.06"]
[EventType "swiss"]
[EventRounds "9"]
[EventCountry "TUR"]
[SourceTitle "EXT 2024"]
[Source "ChessBase"]
[SourceDate "2023.10.10"]
[SourceVersion "1"]
[SourceVersionDate "2023.10.10"]
[SourceQuality "1"]

1. c4 Nf6 2. d4 d6 3. Nc3 e5 4. Nf3 Nc6 5. d5 Ne7 6. e4 g6 7. c5 Bg7 8. cxd6 cxd6 9. Bb5+ Bd7 10. Bxd7+ Nxd7 11. 0-0 0-0 12. Be3 h6 13. Nd2 a6 14. a4 b5 15. Re1 Qb8 16. Nc4 Nc8 17. Na2 Nc5 18. f3 a5 19. Nc3 Na7 20. Kh1 Qc7 21. Na3 Qe7 22. b3 Rfc8 23. Qc2 Rab8 24. Qb1 Rb7 25. Rd1 Bf6 26. Naxb5 Bg5 27. Bxg5 hxg5 1/2-1/2

[Event "World ol U16"]
[Site "Nakhchivan"]
[Date "2022.10.08"]
[Round "7.6"]
[White "Tenuunbold, Battulga"]
[Black "Cebotari, Stanislav"]
[Result "1/2-1/2"]
[WhiteElo "2178"]
[BlackElo "2047"]
[PlyCount "122"]
[EventDate "2022.10.02"]
[EventType "team-swiss"]
[EventRounds "9"]
[EventCountry "AZE"]
[SourceTitle "CBM 210 Extra"]
[Source "ChessBase"]
[SourceDate "2022.11.30"]
[SourceVersion "1"]
[SourceVersionDate "2022.11.30"]
[SourceQuality "1"]
[WhiteTeam "Mongolia"]
[BlackTeam "Moldova"]
[WhiteTeamCountry "MGL"]
[BlackTeamCountry "MDA"]

1. d4 d6 2. Nf3 Nf6 3. c4 g6 4. Nc3 Bg7 5. e4 0-0 6. Be2 e5 7. 0-0 Bg4 8. d5 Bxf3 9. Bxf3 a5 10. Be3 Nbd7 11. a3 Qe7 12. b4 b6 13. Qc2 Rfb8 14. Rfc1 Bf8 15. Na4 Rb7 16. Nc3 Rbb8 17. Bd2 Qd8 18. Nb5 Ra6 19. g3 Rba8 20. bxa5 bxa5 21. Rab1 Nc5 22. Be3 Nfd7 23. Bg4 Nf6 24. Bxc5 dxc5 25. Bf3 Nd7 26. Nc3 Nb6 27. Be2 Qd7 28. Rb5 a4 29. Rcb1 Bd6 30. Na2 Qe7 31. Nc1 Rf8 32. Nd3 f5 33. Bf3 Nd7 34. Bg2 Qg5 35. Qc1 Qe7 36. Qh6 Qf6 37. exf5 gxf5 38. Qe3 Kh8 39. Bh3 Raa8 40. Kh1 Qg6 41. Rg1 Rae8 42. Rbb1 Nf6 43. Qe2 Ne4 44. Rbe1 Ng5 45. Bg2 Qf6 46. f4 Nf7 47. fxe5 Nxe5 48. Nf4 Ng4 49. Ne6 Bxg3 50. Ref1 Nxh2 51. Qh5 Nxf1 52. Bxf1 Qh4+ 53. Qxh4 Bxh4 54. Nxf8 Rxf8 55. Bh3 f4 56. Rg4 Be7 57. Kg2 f3+ 58. Kf2 Rb8 59. Re4 Bd6 60. Kxf3 Rb3+ 61. Re3 Rxe3+ 1/2-1/2

[Event "World ol U16"]
[Site "Nakhchivan"]
[Date "2022.10.04"]
[Round "3.10"]
[White "Hasanli, Rza"]
[Black "Cebotari, Stanislav"]
[Result "0-1"]
[WhiteElo "1566"]
[BlackElo "2047"]
[PlyCount "82"]
[EventDate "2022.10.02"]
[EventType "team-swiss"]
[EventRounds "9"]
[EventCountry "AZE"]
[SourceTitle "CBM 210 Extra"]
[Source "ChessBase"]
[SourceDate "2022.11.30"]
[SourceVersion "1"]
[SourceVersionDate "2022.11.30"]
[SourceQuality "1"]
[WhiteTeam "Azerbaijan Nakhchivan"]
[BlackTeam "Moldova"]
[WhiteTeamCountry "AZE"]
[BlackTeamCountry "MDA"]

1. c4 Nf6 2. Nc3 g6 3. e4 d6 4. g3 Bg7 5. Bg2 e5 6. Nge2 Be6 7. b3 a5 8. d4 0-0 9. d5 Bc8 10. 0-0 Na6 11. f3 Nh5 12. g4 Nf4 13. Ng3 Qh4 14. Be3 h5 15. gxh5 Nxg2 16. Kxg2 Bh3+ 17. Kg1 Bxf1 18. Qxf1 f5 19. Bf2 f4 20. Nge2 Qxh5 21. Qg2 Kf7 22. Kf1 Nb4 23. Rd1 Rh8 24. Ng1 Nc2 25. h3 Bf6 26. Rd3 Nb4 27. Rd2 Bh4 28. Nd1 Na6 29. Nc3 Qg5 30. Qg4 Qxg4 31. fxg4 Bxf2 32. Kxf2 Ke7 33. Kg2 Nc5 34. Nf3 Rh6 35. h4 Rah8 36. Kh3 Rxh4+ 37. Nxh4 g5 38. Rh2 Rxh4+ 39. Kg2 Rxg4+ 40. Kf2 Rh4 41. Rxh4 gxh4 0-1

[Event "World ol U16"]
[Site "Nakhchivan"]
[Date "2022.10.03"]
[Round "2.6"]
[White "Cebotari, Stanislav"]
[Black "Kairbekova, Amina"]
[Result "0-1"]
[WhiteElo "2047"]
[BlackElo "2305"]
[PlyCount "66"]
[EventDate "2022.10.02"]
[EventType "team-swiss"]
[EventRounds "9"]
[EventCountry "AZE"]
[SourceTitle "CBM 210 Extra"]
[Source "ChessBase"]
[SourceDate "2022.11.30"]
[SourceVersion "1"]
[SourceVersionDate "2022.11.30"]
[SourceQuality "1"]
[WhiteTeam "Moldova"]
[BlackTeam "Kazakhstan"]
[WhiteTeamCountry "MDA"]
[BlackTeamCountry "KAZ"]

1. Nf3 d5 2. g3 Nd7 3. Bg2 e5 4. d3 Ngf6 5. 0-0 Bd6 6. c4 c6 7. Nc3 h6 8. cxd5 cxd5 9. Nd2 Nb6 10. a3 0-0 11. b4 a5 12. bxa5 Rxa5 13. Nb3 Ra8 14. Bb2 Bd7 15. Qd2 Qe7 16. Rfb1 Rfc8 17. Nd1 Na4 18. Bc1 Rc7 19. Na5 Be6 20. Qe1 Rac8 21. Bd2 b6 22. Nb3 d4 23. Bb4 Nc3 24. Nxc3 Bxb4 25. axb4 dxc3 26. Nc1 Ra7 27. Rxa7 Qxa7 28. b5 Qa5 29. Bc6 c2 30. Rb4 Rxc6 31. bxc6 Nd5 32. Na2 Nxb4 33. Nxb4 Qxb4 0-1